[Event "36. Copenhagen Open (Politiken Cup)"]
[Site "Elsinore"]
[Date "2014.07.25"]
[Round "6"]
[White "Houska, Jovanka"]
[Black "Olofsson Dolk, Mattis"]
[Result "1-0"]
[WhiteElo "2409"]
[BlackElo "2143"]
[PlyCount "85"]
[EventDate "2014.07.21"]
[EventType "swiss"]
[EventRounds "10"]
[EventCountry "DEN"]
[Source "ChessBase"]
[SourceDate "2014.08.29"]

1. d4 Nf6 2. Nf3 g6 3. c4 Bg7 4. g3 d5 5. cxd5 Nxd5 6. Bg2 Nb6 7. O-O Nc6 8. e3
O-O 9. Nc3 Re8 10. Nh4 e5 11. d5 Na5 12. e4 Nac4 13. Qc2 Nd6 14. b3 Bd7 15. Be3
Rc8 16. Rac1 c6 17. dxc6 Bxc6 18. Rfd1 Qf6 19. a4 Rcd8 20. Nf3 h6 21. a5 Nbc8
22. Nd5 Bxd5 23. Rxd5 Qe6 24. Bf1 Ne7 25. Rd2 Rc8 26. Qb1 Rxc1 27. Qxc1 Nxe4
28. Rc2 Nf5 29. Bxa7 Qxb3 30. Nd2 Nxd2 31. Qxd2 Nd4 32. Bxd4 exd4 33. Rc7 Kf8
34. Bc4 Qb1+ 35. Kg2 Re7 36. Rc8+ Re8 37. Rxe8+ Kxe8 38. Qf4 f5 39. Qc7 Qe4+
40. f3 Qe7 41. Qc8+ Qd8 42. Qxb7 Qd7 43. Bb5 1-0

[Event "36. Copenhagen Open (Politiken Cup)"]
[Site "Elsinore"]
[Date "2014.07.25"]
[Round "6"]
[White "Huse, Sigurd Kjelsbol"]
[Black "Mehringer, Joerg"]
[Result "0-1"]
[WhiteElo "1675"]
[BlackElo "1939"]
[PlyCount "76"]
[EventDate "2014.07.21"]
[EventType "swiss"]
[EventRounds "10"]
[EventCountry "DEN"]
[Source "ChessBase"]
[SourceDate "2014.08.29"]

1. e4 e5 2. Nf3 Nc6 3. Bb5 f5 4. d3 fxe4 5. dxe4 Nf6 6. O-O Bc5 7. Bxc6 bxc6 8.
Nxe5 Qe7 9. Nd3 Ba6 10. Re1 Bxd3 11. cxd3 O-O 12. Nc3 Rab8 13. d4 Bb6 14. Bg5
Qb4 15. e5 Nd5 16. Re4 Qxb2 17. Ne2 Ba5 18. Qc1 Bc3 19. Qxb2 Rxb2 20. Rc1 Bb4
21. e6 dxe6 22. Rxe6 h6 23. Bh4 Rxa2 24. f3 a5 25. Rcxc6 Bd6 26. Nc3 Ra1+ 27.
Re1 Rxe1+ 28. Bxe1 Nxc3 29. Bxc3 Ra8 30. Ba1 a4 31. Rc1 a3 32. Bc3 Ra4 33. Be1
Rxd4 34. Bg3 Bxg3 35. hxg3 a2 36. Ra1 Rd2 37. g4 Rb2 38. Kh2 c5 0-1

[Event "36. Copenhagen Open (Politiken Cup)"]
[Site "Elsinore"]
[Date "2014.07.25"]
[Round "6"]
[White "Ikeda, Junta"]
[Black "Rapport, Richard"]
[Result "0-1"]
[WhiteElo "2402"]
[BlackElo "2701"]
[PlyCount "104"]
[EventDate "2014.07.21"]
[EventType "swiss"]
[EventRounds "10"]
[EventCountry "DEN"]
[Source "ChessBase"]
[SourceDate "2014.08.29"]

1. Nf3 f5 2. c4 Nf6 3. g3 g6 4. Bg2 Bg7 5. O-O O-O 6. d4 d6 7. Nc3 Nc6 8. d5
Ne5 9. Nd2 g5 10. f4 gxf4 11. gxf4 Ng6 12. Nf3 Kh8 13. Bd2 e5 14. dxe6 Bxe6 15.
Nd4 Bd7 16. Qc2 Nh4 17. Bxb7 Ng4 18. Qd3 c5 19. Nb3 Rb8 20. Bd5 a5 21. Rab1 a4
22. Na1 Qe8 23. Nc2 Qh5 24. h3 Nf6 25. Kf2 Rbe8 26. Rg1 Ne4+ 27. Nxe4 fxe4 28.
Bc3 Rxf4+ 29. Ke1 Be5 30. Qg3 Ng6 31. Bxe5+ Qxe5 32. Qc3 Rh4 33. Qxe5+ Nxe5 34.
Ne3 Rxh3 35. Kd2 h5 36. Rh1 Kg7 37. Rbg1+ Kh6 38. Rxh3 Bxh3 39. b3 axb3 40.
axb3 Bc8 41. Bb7 Bxb7 42. Nf5+ Kh7 43. Rg7+ Kh8 44. Rxb7 Rf8 45. Nxd6 Rd8 46.
Ke3 Rxd6 47. Kxe4 Nd7 48. Kf3 Kg7 49. b4 Kg6 50. bxc5 Nxc5 51. Rb5 Rc6 52. Kf4
Nd7 0-1

[Event "36. Copenhagen Open (Politiken Cup)"]
[Site "Elsinore"]
[Date "2014.07.25"]
[Round "6"]
[White "Jacobsen, Caroline Beer"]
[Black "Degerfeldt, Sven"]
[Result "0-1"]
[WhiteElo "1622"]
[BlackElo "1920"]
[PlyCount "162"]
[EventDate "2014.07.21"]
[EventType "swiss"]
[EventRounds "10"]
[EventCountry "DEN"]
[Source "ChessBase"]
[SourceDate "2014.08.29"]

1. e4 c5 2. Nc3 e6 3. f4 a6 4. Nf3 Nc6 5. d3 d5 6. e5 Nge7 7. g4 h5 8. Bh3 hxg4
9. Bxg4 g6 10. Ng5 Nf5 11. Qe2 Be7 12. Bxf5 exf5 13. h4 Bxg5 14. fxg5 d4 15.
Nd1 Qd5 16. Nf2 Be6 17. Bf4 Kd7 18. Kd2 b5 19. b3 Na5 20. h5 c4 21. Rag1 c3+
22. Ke1 Nc6 23. Rg3 Rh7 24. Rgh3 Rah8 25. Rh4 Ne7 26. h6 Qc5 27. Qd1 Nd5 28.
Qc1 b4 29. R1h3 a5 30. Nd1 Ra8 31. Bh2 Ne7 32. Qf4 Nc6 33. Bg1 Qxe5+ 34. Qxe5
Nxe5 35. Rxd4+ Kc7 36. Re3 Nc6 37. Bh2+ Kb7 38. Rd6 Rd8 39. Rxd8 Nxd8 40. Be5
Kc6 41. Bf6 Nb7 42. Re5 Nc5 43. Bg7 a4 44. Kf2 Nxd3+ 45. Ke3 Nxe5 46. Bxe5 axb3
47. axb3 f6 48. Bxf6 Rd7 49. Nf2 Bg8 50. Nd3 Kb5 51. Ne5 Rd2 52. Nxg6 Rxc2 53.
Ne7 Bh7 54. g6 Bxg6 55. Nxg6 Rh2 56. Bg5 c2 57. Kf3 Rh1 58. Kg2 c1=Q 59. Bxc1
Rxc1 60. h7 Rc8 61. Kf3 Kc5 62. Ke3 f4+ 63. Nxf4 Rh8 64. Ne6+ Kd6 65. Ng5 Ke7
66. Kf4 Kf6 67. Ne4+ Kg6 68. Ng5 Kf6 69. Ne4+ Kg6 70. Ng5 Rc8 71. Kg4 Kg7 72.
Ne4 Rc3 73. Nd2 Rd3 74. Nc4 Rxb3 75. h8=Q+ Kxh8 76. Kf4 Rc3 77. Nd2 b3 78. Ke4
b2 79. Kd4 Rc1 80. Kd3 b1=Q+ 81. Nxb1 Rxb1 0-1

[Event "36. Copenhagen Open (Politiken Cup)"]
[Site "Elsinore"]
[Date "2014.07.25"]
[Round "6"]
[White "Jacobsen, Mikkel Manosri"]
[Black "Nordin, Eric"]
[Result "0-1"]
[WhiteElo "2030"]
[BlackElo "1852"]
[PlyCount "60"]
[EventDate "2014.07.21"]
[EventType "swiss"]
[EventRounds "10"]
[EventCountry "DEN"]
[Source "ChessBase"]
[SourceDate "2014.08.29"]

1. c4 c5 2. Nc3 Nc6 3. g3 Nf6 4. Bg2 g6 5. d3 Bg7 6. e4 O-O 7. Nge2 d6 8. O-O
Bg4 9. h3 Bd7 10. f4 Ne8 11. g4 f5 12. Ng3 Nd4 13. exf5 gxf5 14. Bxb7 Rb8 15.
Bg2 e5 16. fxe5 Bxe5 17. Nxf5 Nxf5 18. gxf5 Rxf5 19. Rxf5 Bxf5 20. Qf3 Ng7 21.
Nd5 Qh4 22. Bf4 Bxf4 23. Nxf4 Ne6 24. Ne2 Bg6 25. Qd5 Bf7 26. Qxd6 Rxb2 27. Qe5
Rxe2 28. Qb8+ Kg7 29. Rf1 Qg5 30. Qb7 Nf4 0-1

[Event "36. Copenhagen Open (Politiken Cup)"]
[Site "Elsinore"]
[Date "2014.07.25"]
[Round "6"]
[White "Jacobsen, Per"]
[Black "Bohman, Leif"]
[Result "1/2-1/2"]
[WhiteElo "1655"]
[BlackElo "1866"]
[PlyCount "40"]
[EventDate "2014.07.21"]
[EventType "swiss"]
[EventRounds "10"]
[EventCountry "DEN"]
[Source "ChessBase"]
[SourceDate "2014.08.29"]

1. b3 d5 2. e3 c6 3. Bb2 Nd7 4. Nf3 Ngf6 5. Be2 e6 6. d4 Be7 7. O-O O-O 8. Nbd2
Re8 9. c4 a5 10. a3 Bd6 11. Rc1 Qe7 12. c5 Bc7 13. Qc2 e5 14. dxe5 Nxe5 15. Qc3
Bf5 16. Rfe1 Ne4 17. Nxe4 Bxe4 18. Nd2 f6 19. Nxe4 dxe4 20. b4 Kf8 1/2-1/2

[Event "36. Copenhagen Open (Politiken Cup)"]
[Site "Elsinore"]
[Date "2014.07.25"]
[Round "6"]
[White "Jarlnaes, Erik"]
[Black "Andersen, Rune Egede"]
[Result "0-1"]
[WhiteElo "1892"]
[BlackElo "2132"]
[PlyCount "64"]
[EventDate "2014.07.21"]
[EventType "swiss"]
[EventRounds "10"]
[EventCountry "DEN"]
[Source "ChessBase"]
[SourceDate "2014.08.29"]

1. Nf3 d5 2. g3 Nf6 3. d4 Bg4 4. Bg2 c6 5. O-O e6 6. b3 Nbd7 7. c4 Be7 8. Nc3
O-O 9. Bb2 Rc8 10. Rc1 Re8 11. cxd5 exd5 12. Ne5 Bf5 13. Nd3 Bd6 14. a3 Qe7 15.
b4 Nb6 16. Ra1 Ne4 17. Nxe4 Bxe4 18. Bxe4 Qxe4 19. e3 Nc4 20. Bc1 Qf5 21. Re1
Re6 22. f4 h5 23. Ne5 Bxe5 24. fxe5 Rf8 25. Ra2 Qg6 26. e4 Rd8 27. Qc2 Qg4 28.
Qe2 Rg6 29. Bf4 Qxf4 30. Qxh5 Qg4 31. Qf5 dxe4 32. Qf2 e3 0-1

[Event "36. Copenhagen Open (Politiken Cup)"]
[Site "Elsinore"]
[Date "2014.07.25"]
[Round "6"]
[White "Jensen, Ib"]
[Black "Westerlund, Ola"]
[Result "0-1"]
[WhiteElo "1982"]
[BlackElo "1817"]
[PlyCount "80"]
[EventDate "2014.07.21"]
[EventType "swiss"]
[EventRounds "10"]
[EventCountry "DEN"]
[Source "ChessBase"]
[SourceDate "2014.08.29"]

1. d4 g6 2. e4 Bg7 3. Be3 d6 4. Qd2 c6 5. c4 Nf6 6. Nc3 O-O 7. Nf3 Nbd7 8. Be2
e5 9. O-O Ng4 10. Bg5 f6 11. Bh4 Nh6 12. Rad1 Nf7 13. b4 g5 14. Bg3 g4 15. Nh4
exd4 16. Qxd4 f5 17. Qxg7+ Kxg7 18. Nxf5+ Kg8 19. c5 Qf6 20. Rd3 Nde5 21. Bh4
Qh8 22. Ne7+ Kg7 23. Rg3 Ng6 24. Bxg4 Bxg4 25. Rxg4 Nh6 26. Rg3 Kf7 27. Bg5
Nxe7 28. Bxh6 dxc5 29. Rd1 Rfd8 30. Re1 cxb4 31. Ne2 Ng6 32. Rf3+ Kg8 33. Ng3
Qb2 34. Nh5 Qc2 35. e5 Rd1 36. Rfe3 Qb1 37. Kf1 Rad8 38. Nf6+ Kh8 39. f4 Rxe1+
40. Rxe1 Rd1 0-1

[Event "36. Copenhagen Open (Politiken Cup)"]
[Site "Elsinore"]
[Date "2014.07.25"]
[Round "6"]
[White "Jensen, Thore Nyboe"]
[Black "Tleptsok, Ruslan"]
[Result "0-1"]
[WhiteElo "2058"]
[BlackElo "2212"]
[PlyCount "146"]
[EventDate "2014.07.21"]
[EventType "swiss"]
[EventRounds "10"]
[EventCountry "DEN"]
[Source "ChessBase"]
[SourceDate "2014.08.29"]

1. Nf3 Nf6 2. g3 g6 3. Bg2 Bg7 4. d4 O-O 5. O-O d6 6. c4 c6 7. Nc3 Qa5 8. Bf4
Qh5 9. Qd2 Bh3 10. Ng5 Bxg2 11. Kxg2 h6 12. Nf3 Nbd7 13. h3 g5 14. g4 Nxg4 15.
hxg4 Qxg4+ 16. Bg3 f5 17. Nh2 Qxd4 18. Qxd4 Bxd4 19. Nf3 Bf6 20. Rfd1 Rad8 21.
Nd4 f4 22. Bh2 Kf7 23. e3 c5 24. Nde2 Nb6 25. exf4 Nxc4 26. b3 Nb6 27. Rac1 Rg8
28. f5 Rc8 29. Ne4 Rc6 30. N2c3 a6 31. f3 Bd4 32. Bg1 d5 33. Ng3 Bxc3 34. Rxc3
d4 35. Rc2 Nd5 36. Ne4 Rgc8 37. Rdc1 Nf4+ 38. Kf1 Nd3 39. Rd1 Nb4 40. Rh2 Nd5
41. Rc1 b6 42. a3 Nf4 43. Rd2 a5 44. Bh2 Nd5 45. Bg1 Nf4 46. Bh2 Nh5 47. Be5
Ng7 48. Bxg7 Kxg7 49. Ke2 Kf7 50. Kd3 Ke8 51. Kc4 Kd7 52. Kb5 e5 53. Rdc2 Rf8
54. f6 Rcxf6 55. Nxf6+ Rxf6 56. b4 axb4 57. axb4 Rxf3 58. bxc5 bxc5 59. Kxc5
Ke6 60. Rh2 Kf5 61. Rxh6 d3 62. Rh8 Ke4 63. Kc4 g4 64. Rd1 g3 65. Rh4+ Rf4 66.
Rhh1 Ke3+ 67. Kc3 e4 68. Rde1+ Kf3 69. Rhf1+ Kg4 70. Kd2 Rf2+ 71. Ke3 Rxf1 72.
Rxf1 g2 73. Rg1 Kg3 0-1

[Event "36. Copenhagen Open (Politiken Cup)"]
[Site "Elsinore"]
[Date "2014.07.25"]
[Round "6"]
[White "Jorgensen, Alexander Torp"]
[Black "Poulsen, Iver"]
[Result "0-1"]
[WhiteElo "1762"]
[BlackElo "2092"]
[PlyCount "56"]
[EventDate "2014.07.21"]
[EventType "swiss"]
[EventRounds "10"]
[EventCountry "DEN"]
[Source "ChessBase"]
[SourceDate "2014.08.29"]

1. e4 c5 2. c4 Nc6 3. Nc3 g6 4. g3 Bg7 5. Bg2 d6 6. d3 e6 7. Nge2 Nge7 8. O-O
O-O 9. Bg5 Rb8 10. Qd2 a6 11. b3 b5 12. Rad1 b4 13. Na4 Bd7 14. Be3 Nd4 15.
Bxd4 cxd4 16. Nb2 e5 17. h3 Nc6 18. g4 Qh4 19. f3 Bh6 20. Qe1 Be3+ 21. Kh2 Qh6
22. h4 f5 23. gxf5 gxf5 24. Qg3+ Kh8 25. exf5 Rg8 26. Qh3 Ne7 27. f4 Bxf5 28.
Qf3 Bg4 0-1

[Event "36. Copenhagen Open (Politiken Cup)"]
[Site "Elsinore"]
[Date "2014.07.25"]
[Round "6"]
[White "Karlsson, Ulf"]
[Black "Ivarsson, Torbjorn"]
[Result "0-1"]
[WhiteElo "1994"]
[BlackElo "2131"]
[PlyCount "82"]
[EventDate "2014.07.21"]
[EventType "swiss"]
[EventRounds "10"]
[EventCountry "DEN"]
[Source "ChessBase"]
[SourceDate "2014.08.29"]

1. e4 c5 2. d3 Nc6 3. g3 d5 4. Nd2 Nf6 5. Bg2 e5 6. Ngf3 dxe4 7. dxe4 h6 8. O-O
Be6 9. c3 Qc7 10. Qc2 c4 11. Re1 Bc5 12. h3 Qd7 13. Re2 g5 14. b4 cxb3 15. axb3
b5 16. c4 Bd4 17. Ra6 Nb4 18. Rxe6+ fxe6 19. Qb1 a6 20. Nxd4 Qxd4 21. Nf3 Qd3
22. Qb2 O-O 23. Rd2 Qxe4 24. Nxe5 Qe1+ 25. Kh2 Rac8 26. Nd7 Nxd7 27. Rxd7 Rf7
28. Rxf7 Kxf7 29. Bd2 Qxf2 30. Qc3 Nd5 31. Qd3 bxc4 32. bxc4 Rxc4 33. Qh7+ Ke8
34. Qh8+ Kd7 35. Ba5 Rc2 36. Qd8+ Kc6 37. Qe8+ Kc5 38. Qc8+ Kb5 39. Qe8+ Kxa5
40. Qd8+ Kb4 41. Qd6+ Kb3 0-1

[Event "36. Copenhagen Open (Politiken Cup)"]
[Site "Elsinore"]
[Date "2014.07.25"]
[Round "6"]
[White "Keen, Cosima C"]
[Black "Nielsen, Kai Gylling"]
[Result "1-0"]
[WhiteElo "1729"]
[BlackElo "1897"]
[PlyCount "73"]
[EventDate "2014.07.21"]
[EventType "swiss"]
[EventRounds "10"]
[EventCountry "DEN"]
[Source "ChessBase"]
[SourceDate "2014.08.29"]

1. d4 Nf6 2. Nf3 b6 3. Bf4 Ba6 4. Nbd2 e6 5. c4 Bb4 6. e3 Nc6 7. Bd3 h6 8. h3
O-O 9. a3 Bd6 10. c5 Bxd3 11. cxd6 Nd5 12. Bh2 cxd6 13. Bxd6 Re8 14. b4 a5 15.
Qb3 Bh7 16. b5 a4 17. Qb2 Na5 18. O-O Nb7 19. Bh2 Rc8 20. Rfc1 Qe7 21. Ne5 d6
22. Nec4 f5 23. Qc2 f4 24. e4 Nf6 25. Qxa4 Nxe4 26. Nxe4 Bxe4 27. Bxf4 Rf8 28.
Bg3 Qg5 29. h4 Ra8 30. Qb4 Qd8 31. a4 d5 32. Ne5 Rc8 33. Nc6 Qf6 34. Ne7+ Kh7
35. Nxc8 Na5 36. Nxb6 Nc4 37. Nd7 1-0

[Event "36. Copenhagen Open (Politiken Cup)"]
[Site "Elsinore"]
[Date "2014.07.25"]
[Round "6"]
[White "Kistrup, Nicolai"]
[Black "Andersen, Daniel"]
[Result "1/2-1/2"]
[WhiteElo "1786"]
[BlackElo "1967"]
[PlyCount "59"]
[EventDate "2014.07.21"]
[EventType "swiss"]
[EventRounds "10"]
[EventCountry "DEN"]
[Source "ChessBase"]
[SourceDate "2014.08.29"]

1. d4 Nf6 2. Nf3 g6 3. c4 Bg7 4. Nc3 d5 5. Bg5 Ne4 6. cxd5 Nxg5 7. Nxg5 e6 8.
Nf3 exd5 9. e3 O-O 10. b4 c6 11. Rc1 Be6 12. Be2 Nd7 13. O-O b5 14. a4 a6 15.
a5 Nf6 16. Ne5 Qd6 17. Qb3 Ne4 18. Nxe4 dxe4 19. Qc3 Bd5 20. f4 exf3 21. Bxf3
Bxf3 22. Rxf3 Bxe5 23. dxe5 Qe7 24. Rf6 Rac8 25. Qc5 Qd7 26. Qd6 Qg4 27. e6
fxe6 28. Qxe6+ Qxe6 29. Rxe6 Rfe8 30. Rxe8+ 1/2-1/2

[Event "36. Copenhagen Open (Politiken Cup)"]
[Site "Elsinore"]
[Date "2014.07.25"]
[Round "6"]
[White "Koepke, Christian"]
[Black "Petersen, Peter Birk"]
[Result "1-0"]
[WhiteElo "2322"]
[BlackElo "2126"]
[PlyCount "67"]
[EventDate "2014.07.21"]
[EventType "swiss"]
[EventRounds "10"]
[EventCountry "DEN"]
[Source "ChessBase"]
[SourceDate "2014.08.29"]

1. e4 c5 2. Nf3 e6 3. d4 cxd4 4. Nxd4 Nc6 5. Nc3 a6 6. Bf4 d6 7. Bg3 Nf6 8. Be2
Be7 9. Nxc6 bxc6 10. e5 dxe5 11. Qxd8+ Bxd8 12. Bxe5 O-O 13. O-O-O Nd5 14. Na4
a5 15. c4 f6 16. cxd5 fxe5 17. dxc6 Ba6 18. Bf3 Rc8 19. Nc3 Bb6 20. Rd6 Bxf2
21. Rxe6 Bd4 22. Re1 Rf6 23. R6xe5 Bxe5 24. Rxe5 a4 25. Ra5 Bd3 26. Rxa4 h5 27.
Rd4 Bg6 28. b4 Rf5 29. b5 Rc5 30. Kb2 Be8 31. a4 Rb8 32. Nd5 Kf8 33. Nc7 Bf7
34. Na6 1-0

[Event "36. Copenhagen Open (Politiken Cup)"]
[Site "Elsinore"]
[Date "2014.07.25"]
[Round "6"]
[White "Koetz, Andreas"]
[Black "Hoyer, Jacob K"]
[Result "1/2-1/2"]
[WhiteElo "2031"]
[BlackElo "2200"]
[PlyCount "77"]
[EventDate "2014.07.21"]
[EventType "swiss"]
[EventRounds "10"]
[EventCountry "DEN"]
[Source "ChessBase"]
[SourceDate "2014.08.29"]

1. d4 Nf6 2. c4 g6 3. Nc3 d5 4. cxd5 Nxd5 5. e4 Nxc3 6. bxc3 Bg7 7. Bc4 c5 8.
Ne2 Nc6 9. Be3 O-O 10. O-O Bg4 11. f3 Bd7 12. Qd2 Qc7 13. Rac1 Na5 14. Bd3 c4
15. Bc2 b5 16. Rb1 Nb7 17. f4 Rad8 18. f5 gxf5 19. Bh6 Qd6 20. Bxg7 Kxg7 21.
exf5 Rg8 22. f6+ exf6 23. Ng3 Kh8 24. Rf4 Rde8 25. Rbf1 f5 26. Bxf5 Nd8 27.
Bxh7 Kxh7 28. Rf6 Qf8 29. Qc2+ Kh8 30. R1f4 Rg4 31. Qd2 Rxf4 32. Qxf4 Re6 33.
Qh4+ Kg8 34. Nh5 Bc8 35. Qg5+ Kh8 36. Qh4 Rxf6 37. Nxf6+ Kg7 38. Qg5+ Kh8 39.
Qh5+ 1/2-1/2

[Event "36. Copenhagen Open (Politiken Cup)"]
[Site "Elsinore"]
[Date "2014.07.25"]
[Round "6"]
[White "Kristiansen, Jens"]
[Black "Hoiberg, Nina"]
[Result "1-0"]
[WhiteElo "2412"]
[BlackElo "2224"]
[PlyCount "73"]
[EventDate "2014.07.21"]
[EventType "swiss"]
[EventRounds "10"]
[EventCountry "DEN"]
[Source "ChessBase"]
[SourceDate "2014.08.29"]

1. d4 d6 2. Nf3 Nd7 3. c4 e5 4. Nc3 c6 5. e4 Ngf6 6. Be2 Be7 7. O-O O-O 8. Re1
Re8 9. Bf1 Qc7 10. Rb1 Nf8 11. d5 Bg4 12. h3 Bd7 13. Be3 h6 14. g3 N6h7 15. Qd2
f5 16. exf5 Bxf5 17. Rbd1 Ng6 18. Bd3 Rf8 19. Bxf5 Rxf5 20. Qe2 Raf8 21. Nd2
Bg5 22. Nde4 Bxe3 23. Qxe3 Rf3 24. Qe2 c5 25. Rd3 Rxd3 26. Qxd3 Qf7 27. Qe2 Ng5
28. Nxg5 hxg5 29. Ne4 b5 30. Nxd6 Qd7 31. Ne4 Qxh3 32. Nxg5 Qh6 33. Qg4 Rf6 34.
Kg2 Ne7 35. Rxe5 Rxf2+ 36. Kxf2 Qh2+ 37. Ke1 1-0

[Event "36. Copenhagen Open (Politiken Cup)"]
[Site "Elsinore"]
[Date "2014.07.25"]
[Round "6"]
[White "Langer, Peter"]
[Black "Rasmussen, Henning1"]
[Result "1/2-1/2"]
[WhiteElo "1546"]
[BlackElo "1826"]
[PlyCount "41"]
[EventDate "2014.07.21"]
[EventType "swiss"]
[EventRounds "10"]
[EventCountry "DEN"]
[Source "ChessBase"]
[SourceDate "2014.08.29"]

1. d4 Nf6 2. Nf3 g6 3. Bf4 Bg7 4. h3 d6 5. e3 O-O 6. Nbd2 Re8 7. Bd3 Nc6 8. O-O
e5 9. Bg5 h6 10. Bxf6 Bxf6 11. c3 d5 12. dxe5 Nxe5 13. Nxe5 Bxe5 14. Nf3 Bg7
15. Qb3 c6 16. Rad1 Qe7 17. Rfe1 Be6 18. Nd4 Bxd4 19. exd4 b5 20. a3 Qd7 21.
Re3 1/2-1/2

[Event "36. Copenhagen Open (Politiken Cup)"]
[Site "Elsinore"]
[Date "2014.07.25"]
[Round "6"]
[White "Haagen Larsen, Hans"]
[Black "Andersson, Thorbjorn"]
[Result "0-1"]
[WhiteElo "1683"]
[BlackElo "1950"]
[PlyCount "74"]
[EventDate "2014.07.21"]
[EventType "swiss"]
[EventRounds "10"]
[EventCountry "DEN"]
[Source "ChessBase"]
[SourceDate "2014.08.29"]

1. d4 Nf6 2. Bf4 e6 3. Nf3 d5 4. e3 Be7 5. h3 O-O 6. Bd3 Nbd7 7. Nbd2 c5 8. c3
c4 9. Bc2 b5 10. Ne5 Nxe5 11. dxe5 Nd7 12. Qg4 f5 13. Qg3 Rf7 14. Nf3 Nc5 15.
h4 Ne4 16. Bxe4 fxe4 17. Ng5 Bxg5 18. hxg5 g6 19. a3 a5 20. f3 exf3 21. gxf3
Bb7 22. Rd1 Qe7 23. Rd4 b4 24. axb4 axb4 25. O-O bxc3 26. bxc3 Qa3 27. Qe1 Qb3
28. Qb1 Qxc3 29. Qb6 Ra6 30. Qb1 Rxf4 31. Rxf4 Qxe3+ 32. Kg2 Qxf4 33. Qxb7 Ra2+
34. Rf2 Qxg5+ 35. Kf1 Ra1+ 36. Ke2 Qxe5+ 37. Kd2 Qd4+ 0-1

[Event "36. Copenhagen Open (Politiken Cup)"]
[Site "Elsinore"]
[Date "2014.07.25"]
[Round "6"]
[White "Lauridsen, Jesper Morch"]
[Black "Wilen, Eero"]
[Result "1-0"]
[WhiteElo "2244"]
[BlackElo "2087"]
[PlyCount "65"]
[EventDate "2014.07.21"]
[EventType "swiss"]
[EventRounds "10"]
[EventCountry "DEN"]
[Source "ChessBase"]
[SourceDate "2014.08.29"]

1. e4 c6 2. d4 d5 3. exd5 cxd5 4. c4 Nf6 5. Nc3 Nc6 6. Nf3 Bg4 7. cxd5 Nxd5 8.
Bb5 e6 9. Qa4 Bxf3 10. Bxc6+ bxc6 11. Qxc6+ Ke7 12. gxf3 f6 13. O-O Nxc3 14.
bxc3 Rc8 15. Qa6 Qd7 16. Rb1 Kf7 17. Rb7 Rc7 18. Rb8 Rg8 19. Bf4 Rc6 20. Qb7
Qxb7 21. Rxb7+ Be7 22. Rfb1 Ra8 23. Rd7 Rb6 24. Rxb6 axb6 25. Bd6 Re8 26. c4
Kf8 27. Rxe7 Rxe7 28. a4 Ke8 29. Bxe7 Kxe7 30. c5 bxc5 31. dxc5 Kd7 32. a5 Kc6
33. a6 1-0

[Event "36. Copenhagen Open (Politiken Cup)"]
[Site "Elsinore"]
[Date "2014.07.25"]
[Round "6"]
[White "Lauritsen, Martin Lee"]
[Black "Astrom, Lars"]
[Result "1-0"]
[WhiteElo "2143"]
[BlackElo "1939"]
[PlyCount "65"]
[EventDate "2014.07.21"]
[EventType "swiss"]
[EventRounds "10"]
[EventCountry "DEN"]
[Source "ChessBase"]
[SourceDate "2014.08.29"]

1. e4 g6 2. d4 Bg7 3. Nc3 d6 4. Be3 Nf6 5. f3 O-O 6. Qd2 e5 7. d5 Ne8 8. O-O-O
f5 9. exf5 Bxf5 10. h4 Bf6 11. g4 Bd7 12. Ne4 a5 13. h5 gxh5 14. Rxh5 Rf7 15.
Nh3 Qe7 16. Bd3 c6 17. c4 cxd5 18. cxd5 Na6 19. Nhg5 Bxg5 20. Nxg5 Rg7 21.
Bxh7+ Kf8 22. Bc2 Nb4 23. Rh8+ Rg8 24. Qh2 Qg7 25. Nh7+ Ke7 26. Bg5+ Nf6 27.
Bxf6+ Qxf6 28. Nxf6 Rxh8 29. Nh5 Rac8 30. Qh4+ Ke8 31. Rd2 Ba4 32. b3 Bb5 33.
Kb2 1-0

[Event "36. Copenhagen Open (Politiken Cup)"]
[Site "Elsinore"]
[Date "2014.07.25"]
[Round "6"]
[White "Leite, Steinar"]
[Black "Hyldkrog, Lars"]
[Result "1/2-1/2"]
[WhiteElo "1760"]
[BlackElo "1963"]
[PlyCount "99"]
[EventDate "2014.07.21"]
[EventType "swiss"]
[EventRounds "10"]
[EventCountry "DEN"]
[Source "ChessBase"]
[SourceDate "2014.08.29"]

1. e4 e6 2. d4 d5 3. Nc3 Bb4 4. e5 c5 5. a3 Bxc3+ 6. bxc3 Ne7 7. Qg4 cxd4 8.
Qxg7 Rg8 9. Qxh7 Qc7 10. Ne2 Nbc6 11. f4 dxc3 12. Qd3 d4 13. h4 Bd7 14. Rh3 Nf5
15. Ng3 Nxg3 16. Rxg3 O-O-O 17. Rxg8 Rxg8 18. Qh7 Qd8 19. Rb1 Rh8 20. Qe4 Qxh4+
21. Ke2 Qg4+ 22. Kf2 Rh1 23. g3 Rh8 24. a4 Rg8 25. Qf3 Nd8 26. Qxg4 Rxg4 27.
Rb4 Nc6 28. Rc4 Kd8 29. Bg2 Ne7 30. Bf3 Rg8 31. g4 Bc6 32. Rxd4+ Nd5 33. Bxd5
Bxd5 34. Kg3 Rh8 35. Rd1 Ke8 36. Ba3 Be4 37. a5 Bxc2 38. Rc1 Be4 39. Rxc3 Kd7
40. Rc4 Bd5 41. Rc1 Rh1 42. Rc3 Rb1 43. Kh4 Rb3 44. Rxb3 Bxb3 45. Kg5 b6 46.
Kf6 Ke8 47. axb6 axb6 48. Bd6 b5 49. f5 exf5 50. gxf5 1/2-1/2

[Event "36. Copenhagen Open (Politiken Cup)"]
[Site "Elsinore"]
[Date "2014.07.25"]
[Round "6"]
[White "Leutwyler, Martin"]
[Black "Beshukov, Sergei"]
[Result "0-1"]
[WhiteElo "2190"]
[BlackElo "2423"]
[PlyCount "48"]
[EventDate "2014.07.21"]
[EventType "swiss"]
[EventRounds "10"]
[EventCountry "DEN"]
[Source "ChessBase"]
[SourceDate "2014.08.29"]

1. d4 Nf6 2. c4 c6 3. Nf3 g6 4. Nc3 Bg7 5. Bg5 O-O 6. e3 d6 7. h3 Qa5 8. Qd2 e5
9. Be2 Qc7 10. Qc2 Re8 11. O-O Bf5 12. Qb3 Ne4 13. Nxe4 Bxe4 14. dxe5 dxe5 15.
Nd2 Bf5 16. Bg4 Bxg4 17. hxg4 e4 18. Bf4 Qe7 19. c5 Na6 20. Bd6 Nxc5 21. Bxc5
Qxc5 22. Qxb7 Rab8 23. Qa6 Rxb2 24. Rac1 Qb5 0-1

[Event "36. Copenhagen Open (Politiken Cup)"]
[Site "Elsinore"]
[Date "2014.07.25"]
[Round "6"]
[White "Levushkina, Elena"]
[Black "Svane, Rasmus"]
[Result "0-1"]
[WhiteElo "2310"]
[BlackElo "2494"]
[PlyCount "70"]
[EventDate "2014.07.21"]
[EventType "swiss"]
[EventRounds "10"]
[EventCountry "DEN"]
[Source "ChessBase"]
[SourceDate "2014.08.29"]

1. e4 c5 2. c3 Nf6 3. e5 Nd5 4. Nf3 d6 5. d4 cxd4 6. cxd4 Nc6 7. Bc4 dxe5 8.
Nxe5 e6 9. O-O Be7 10. Nxc6 bxc6 11. Nc3 O-O 12. Be3 Nxe3 13. fxe3 Rb8 14. Qc2
c5 15. d5 Bd6 16. g3 Qg5 17. Rae1 exd5 18. Bxd5 Bh3 19. Bg2 Be6 20. Rf2 Qe5 21.
Qa4 c4 22. Ne4 Bc7 23. Qxa7 Ba5 24. Ree2 Bg4 25. Rc2 Bb6 26. Qa3 f5 27. Rxc4
fxe4 28. Rxe4 Qc7 29. Rxf8+ Rxf8 30. h3 Bh5 31. Re7 Qc2 32. Bd5+ Kh8 33. Rf7
Qd1+ 34. Kh2 Qd2+ 35. Bg2 Rxf7 0-1